000 00767pam a2200253 a 4500
001 3416484
003 NUST - PNEC
005 20170116180943.0
008 900514s1991 enka 001 0 eng
010 _a 90039246
020 _a0077072847
040 _cLIBRARY
082 0 0 _a629.8 MOR
100 1 _aMorris, Noel Malcolm.
245 1 0 _aControl engineering
_cNoel M. Morris.
250 _a4th ed.
260 _aLondon ;
_aNew York :
_bMcGraw-Hill,
_cc1991.
300 _axii, 279 p. :
_bill. ;
_c25 cm.
500 _aIncludes index.
650 0 _aAutomatic control.
906 _a7
_bcbc
_corignew
_d1
_eocip
_f19
_gy-gencatlg
942 _2ddc
_cBK
999 _c66227
_d66227